00458nam a2200157Ia 4500001000500000005001700005008004100022041000800063082001600071100003100087245012900118260000900247300002800256650000800284654000800292776620260306160519.0260306t2016||||xx |||||||||||||| ||spa|| aESP a361.61bM43 aMerino Acuña, RogereAUT 0aJusticia social y economía en la teoría del derecho:blas intersecciones entre el derecho, la economía y la política c2016 a413 páginas :c20 cm. aGEN aCDE